Psychology in focus: a 2 level (Record no. 55227)

MARC details
000 -LEADER
fixed length control field 00704nam a2200193 a 4500
008 - FIXED-LENGTH DATA ELEMENTS--GENERAL INFORMATION
fixed length control field 130415s2002 ||||||||||||||||| || u
020 ## - INTERNATIONAL STANDARD BOOK NUMBER
International Standard Book Number 1902796330
050 ## - LIBRARY OF CONGRESS CALL NUMBER
Classification number BF 121 Psy
100 ## - MAIN ENTRY--PERSONAL NAME
Personal name Stenner, Paul
245 10 - TITLE STATEMENT
Title Psychology in focus: a 2 level
Statement of responsibility, etc. edited and written by Mike Haralambos and David Rice (and others)
260 ## - PUBLICATION, DISTRIBUTION, ETC.
Place of publication, distribution, etc. Ormskirk, Lancs
Name of publisher, distributor, etc. Causeway Press
Date of publication, distribution, etc. 2002
300 ## - PHYSICAL DESCRIPTION
Extent v, 576p.: ill.
650 #3 - SUBJECT ADDED ENTRY--TOPICAL TERM
Topical term or geographic name entry element PSYCHOLOGY
650 ## - SUBJECT ADDED ENTRY--TOPICAL TERM
Topical term or geographic name entry element BEHAVIORAL PSYCHOLOGY
650 ## - SUBJECT ADDED ENTRY--TOPICAL TERM
Topical term or geographic name entry element BEHAVIORISM
700 ## - ADDED ENTRY--PERSONAL NAME
Personal name Rice David
700 ## - ADDED ENTRY--PERSONAL NAME
Personal name Haralambos, Mike
995 ## - RECOMMENDATION 995 [LOCAL, UNIMARC FRANCE]
-- CBU-MAIN LIBRARY (Kitwe)
-- 1
-- AVAILABLE
-- Jun 13, 2013
-- Main Library Open Access Collection
Holdings
Withdrawn status Lost status Source of classification or shelving scheme Damaged status Not for loan Home library Current library Shelving location Date acquired Total Checkouts Full call number Barcode Date last seen Price effective from Koha item type
          CBU-MAIN LIBRARY, KITWE. CBU-MAIN LIBRARY, KITWE.   11/30/2022   BF 121 Psy 743916 11/30/2022 11/30/2022 MONOGRAPH